[Event "DEM U14 2025"]
[Site "Willingen GER"]
[Date "2025.06.11"]
[Round "6"]
[White "Shevchenko, Igor"]
[Black "Haustein, Henry"]
[Result "1-0"]
[Termination "normal"]
[Board "12"]
[WhiteElo "1882"]
[BlackElo "1683"]
[WhiteClock "00:05:12"]
[BlackClock "00:22:30"]
[PlyCount "53"]
[WhiteFideId "34634924"]
[BlackFideId "533043817"]
[EventCountry "GER"]
[EventRounds "9"]
[EventType "swiss"]
[EventDate "2025.06.07"]

1. d4 {[%clk 01:30:53]} {[%emt 00:00:06]} d5 {[%clk 01:30:55]} {[%emt
00:00:06]} 2. c4 {[%clk 01:31:10]} {[%emt 00:00:12]} e6 {[%clk 01:31:18]}
{[%emt 00:00:07]} 3. Nc3 {[%clk 01:31:25]} {[%emt 00:00:16]} Nf6 {[%clk
01:31:40]} {[%emt 00:00:08]} 4. cxd5 {[%clk 01:31:23]} {[%emt 00:00:32]} exd5
{[%clk 01:32:04]} {[%emt 00:00:07]} 5. Bg5 {[%clk 01:31:44]} {[%emt 00:00:08]}
c6 {[%clk 01:32:26]} {[%emt 00:00:07]} 6. Qc2 {[%clk 01:30:23]} {[%emt
00:01:52]} Bd6 {[%clk 01:32:05]} {[%emt 00:00:50]} 7. e3 {[%clk 01:30:16]}
{[%emt 00:00:38]} O-O {[%clk 01:32:23]} {[%emt 00:00:12]} 8. Nf3 {[%clk
01:29:08]} {[%emt 00:01:38]} Be6 {[%clk 01:32:22]} {[%emt 00:00:31]} 9. Bd3
{[%clk 01:29:05]} {[%emt 00:00:33]} h6 {[%clk 01:32:34]} {[%emt 00:00:18]} 10.
Bh4 {[%clk 01:28:53]} {[%emt 00:00:42]} Nbd7 {[%clk 01:32:51]} {[%emt
00:00:12]} 11. O-O {[%clk 01:28:08]} {[%emt 00:01:15]} Qc7 {[%clk 01:27:59]}
{[%emt 00:05:22]} 12. Rfc1 {[%clk 01:19:34]} {[%emt 00:09:05]} Rfe8 {[%clk
01:20:32]} {[%emt 00:07:57]} 13. Nb5 {[%clk 01:18:23]} {[%emt 00:01:41]} Qb8
{[%clk 01:19:32]} {[%emt 00:01:30]} 14. Nxd6 {[%clk 01:18:33]} {[%emt
00:00:20]} Qxd6 {[%clk 01:19:54]} {[%emt 00:00:08]} 15. Bg3 {[%clk 01:09:53]}
{[%emt 00:09:10]} Qe7 {[%clk 01:16:29]} {[%emt 00:03:54]} 16. h3 {[%clk
01:07:31]} {[%emt 00:02:52]} Nb6 {[%clk 01:13:05]} {[%emt 00:03:55]} 17. Qe2
{[%clk 01:01:36]} {[%emt 00:06:25]} Bd7 {[%clk 01:07:26]} {[%emt 00:06:07]} 18.
Ne5 {[%clk 00:59:46]} {[%emt 00:02:21]} Ne4 {[%clk 01:03:25]} {[%emt 00:04:31]}
19. Bf4 {[%clk 00:54:41]} {[%emt 00:05:35]} Bf5 {[%clk 00:59:47]} {[%emt
00:04:07]} 20. Qh5 {[%clk 00:36:41]} {[%emt 00:18:31]} Bh7 {[%clk 00:56:37]}
{[%emt 00:03:40]} 21. Bf1 {[%clk 00:23:29]} {[%emt 00:13:43]} Nd7 {[%clk
00:49:43]} {[%emt 00:07:24]} 22. Qg4 {[%clk 00:16:49]} {[%emt 00:07:07]} Ndf6
{[%clk 00:39:06]} {[%emt 00:11:09]} 23. Qd1 {[%clk 00:16:19]} {[%emt 00:00:59]}
Qd8 {[%clk 00:33:13]} {[%emt 00:06:23]} 24. b4 {[%clk 00:10:21]} {[%emt
00:06:29]} a6 {[%clk 00:28:14]} {[%emt 00:05:29]} 25. a4 {[%clk 00:09:30]}
{[%emt 00:01:22]} Nd6 {[%clk 00:27:20]} {[%emt 00:01:24]} 26. Qb3 {[%clk
00:05:20]} {[%emt 00:04:40]} Nd7 {[%clk 00:22:30]} {[%emt 00:05:19]} 27. Nxc6
{[%clk 00:05:12]} {[%emt 00:00:40]} 1-0

[Event "DEM U14 2025"]
[Site "Willingen GER"]
[Date "2025.06.11"]
[Round "6"]
[White "Savchuk, Alexander"]
[Black "Lücke, Julius"]
[Result "0-1"]
[Termination "normal"]
[Board "14"]
[WhiteElo "1935"]
[BlackElo "1749"]
[WhiteClock "00:24:12"]
[BlackClock "00:12:35"]
[PlyCount "42"]
[WhiteFideId "34617434"]
[BlackFideId "34674977"]
[EventCountry "GER"]
[EventRounds "9"]
[EventType "swiss"]
[EventDate "2025.06.07"]

1. e4 {[%clk 01:30:54]} {[%emt 00:00:05]} c5 {[%clk 01:30:52]} {[%emt
00:00:09]} 2. Nf3 {[%clk 01:31:11]} {[%emt 00:00:13]} Nc6 {[%clk 01:31:16]}
{[%emt 00:00:07]} 3. Nc3 {[%clk 01:31:23]} {[%emt 00:00:18]} Nf6 {[%clk
01:31:34]} {[%emt 00:00:11]} 4. Bb5 {[%clk 01:31:31]} {[%emt 00:00:22]} g6
{[%clk 01:31:34]} {[%emt 00:00:30]} 5. Bxc6 {[%clk 01:31:22]} {[%emt 00:00:39]}
dxc6 {[%clk 01:31:41]} {[%emt 00:00:23]} 6. d3 {[%clk 01:31:35]} {[%emt
00:00:17]} Bg7 {[%clk 01:31:26]} {[%emt 00:00:45]} 7. h3 {[%clk 01:31:42]}
{[%emt 00:00:23]} O-O {[%clk 01:30:40]} {[%emt 00:01:16]} 8. O-O {[%clk
01:31:32]} {[%emt 00:00:40]} Qc7 {[%clk 01:25:16]} {[%emt 00:05:54]} 9. Be3
{[%clk 01:28:58]} {[%emt 00:03:03]} b6 {[%clk 01:23:57]} {[%emt 00:01:49]} 10.
Nh2 {[%clk 01:28:01]} {[%emt 00:01:26]} Ba6 {[%clk 01:07:53]} {[%emt 00:16:35]}
11. Qe2 {[%clk 01:25:39]} {[%emt 00:02:53]} e5 {[%clk 00:57:17]} {[%emt
00:11:06]} 12. f4 {[%clk 01:23:28]} {[%emt 00:02:40]} Nh5 {[%clk 00:57:05]}
{[%emt 00:00:42]} 13. f5 {[%clk 01:04:38]} {[%emt 00:19:20]} Ng3 {[%clk
00:46:53]} {[%emt 00:10:42]} 14. Qg4 {[%clk 01:04:19]} {[%emt 00:00:48]} Nxf1
{[%clk 00:47:14]} {[%emt 00:00:10]} 15. Rxf1 {[%clk 01:04:44]} {[%emt
00:00:05]} Qd6 {[%clk 00:39:50]} {[%emt 00:07:54]} 16. Nf3 {[%clk 00:30:12]}
{[%emt 00:35:03]} Rad8 {[%clk 00:28:40]} {[%emt 00:11:40]} 17. Nh4 {[%clk
00:28:30]} {[%emt 00:02:12]} h6 {[%clk 00:17:02]} {[%emt 00:12:08]} 18. f6
{[%clk 00:26:14]} {[%emt 00:02:46]} Bxf6 {[%clk 00:15:49]} {[%emt 00:01:43]}
19. Nxg6 {[%clk 00:24:44]} {[%emt 00:02:01]} fxg6 {[%clk 00:13:00]} {[%emt
00:03:18]} 20. Qxg6+ {[%clk 00:23:59]} {[%emt 00:01:14]} Bg7 {[%clk 00:12:12]}
{[%emt 00:01:19]} 21. Rxf8+ {[%clk 00:24:12]} {[%emt 00:00:16]} Qxf8 {[%clk
00:12:35]} {[%emt 00:00:07]} 0-1

[Event "DEM U14 2025"]
[Site "Willingen GER"]
[Date "2025.06.11"]
[Round "6"]
[White "Svanidze, Alexander"]
[Black "Polzin, Gustav"]
[Result "0-1"]
[Termination "normal"]
[Board "15"]
[WhiteElo "1720"]
[BlackElo "2075"]
[WhiteClock "00:11:01"]
[BlackClock "01:25:50"]
[PlyCount "62"]
[WhiteFideId "34623469"]
[BlackFideId "34603280"]
[EventCountry "GER"]
[EventRounds "9"]
[EventType "swiss"]
[EventDate "2025.06.07"]

1. e4 {[%clk 01:30:59]} {[%emt 00:00:01]} c5 {[%clk 01:30:57]} {[%emt
00:00:04]} 2. Nf3 {[%clk 01:31:25]} {[%emt 00:00:03]} e6 {[%clk 01:31:23]}
{[%emt 00:00:05]} 3. Nc3 {[%clk 01:31:51]} {[%emt 00:00:04]} a6 {[%clk
01:31:47]} {[%emt 00:00:06]} 4. d4 {[%clk 01:32:17]} {[%emt 00:00:03]} cxd4
{[%clk 01:32:13]} {[%emt 00:00:04]} 5. Nxd4 {[%clk 01:32:42]} {[%emt 00:00:05]}
Qc7 {[%clk 01:32:40]} {[%emt 00:00:03]} 6. Be3 {[%clk 01:32:16]} {[%emt
00:00:56]} Bb4 {[%clk 01:32:50]} {[%emt 00:00:21]} 7. Qd2 {[%clk 01:17:27]}
{[%emt 00:15:18]} Nf6 {[%clk 01:33:14]} {[%emt 00:00:06]} 8. f3 {[%clk
01:17:14]} {[%emt 00:00:42]} d5 {[%clk 01:33:36]} {[%emt 00:00:08]} 9. Bd3
{[%clk 01:11:47]} {[%emt 00:05:57]} e5 {[%clk 01:33:55]} {[%emt 00:00:11]} 10.
Nde2 {[%clk 01:08:16]} {[%emt 00:04:01]} d4 {[%clk 01:34:07]} {[%emt 00:00:17]}
11. Nxd4 {[%clk 01:08:22]} {[%emt 00:00:24]} exd4 {[%clk 01:34:30]} {[%emt
00:00:07]} 12. Bxd4 {[%clk 01:08:34]} {[%emt 00:00:17]} Nc6 {[%clk 01:34:50]}
{[%emt 00:00:11]} 13. Bf2 {[%clk 01:02:55]} {[%emt 00:06:09]} O-O {[%clk
01:31:27]} {[%emt 00:03:53]} 14. O-O {[%clk 00:58:21]} {[%emt 00:05:03]} Bd6
{[%clk 01:30:32]} {[%emt 00:01:26]} 15. g3 {[%clk 00:53:34]} {[%emt 00:05:17]}
Bh3 {[%clk 01:30:56]} {[%emt 00:00:06]} 16. Rfe1 {[%clk 00:53:12]} {[%emt
00:00:52]} Ne5 {[%clk 01:27:49]} {[%emt 00:03:36]} 17. Be2 {[%clk 00:52:05]}
{[%emt 00:01:37]} Rad8 {[%clk 01:27:46]} {[%emt 00:00:33]} 18. Qe3 {[%clk
00:47:52]} {[%emt 00:04:42]} Rfe8 {[%clk 01:27:48]} {[%emt 00:00:29]} 19. Kh1
{[%clk 00:39:20]} {[%emt 00:09:03]} b5 {[%clk 01:26:53]} {[%emt 00:01:25]} 20.
a3 {[%clk 00:38:54]} {[%emt 00:00:56]} h5 {[%clk 01:26:54]} {[%emt 00:00:28]}
21. Rg1 {[%clk 00:36:33]} {[%emt 00:02:50]} Rc8 {[%clk 01:26:15]} {[%emt
00:01:10]} 22. Qc1 {[%clk 00:31:02]} {[%emt 00:06:01]} Bc5 {[%clk 01:25:12]}
{[%emt 00:01:34]} 23. Bxc5 {[%clk 00:30:14]} {[%emt 00:01:18]} Qxc5 {[%clk
01:25:40]} {[%emt 00:00:02]} 24. Qe1 {[%clk 00:29:13]} {[%emt 00:01:31]} Qe3
{[%clk 01:25:51]} {[%emt 00:00:19]} 25. Nd1 {[%clk 00:28:57]} {[%emt 00:00:46]}
Qc5 {[%clk 01:24:51]} {[%emt 00:01:30]} 26. g4 {[%clk 00:23:37]} {[%emt
00:05:50]} hxg4 {[%clk 01:24:36]} {[%emt 00:00:46]} 27. Qg3 {[%clk 00:23:10]}
{[%emt 00:00:56]} Qxc2 {[%clk 01:24:38]} {[%emt 00:00:29]} 28. Qe1 {[%clk
00:11:06]} {[%emt 00:12:33]} gxf3 {[%clk 01:24:45]} {[%emt 00:00:23]} 29. Qg3
{[%clk 00:10:38]} {[%emt 00:00:58]} Bg2+ {[%clk 01:25:09]} {[%emt 00:00:07]}
30. Rxg2 {[%clk 00:10:39]} {[%emt 00:00:28]} fxg2+ {[%clk 01:25:34]} {[%emt
00:00:05]} 31. Qxg2 {[%clk 00:11:01]} {[%emt 00:00:08]} Qxe4 {[%clk 01:25:50]}
{[%emt 00:00:14]} 0-1

[Event "DEM U14 2025"]
[Site "Willingen GER"]
[Date "2025.06.11"]
[Round "6"]
[White "Kalinski, Jan"]
[Black "Prashanthakumar, Arju"]
[Result "1/2-1/2"]
[Termination "normal"]
[Board "16"]
[WhiteElo "1748"]
[BlackElo "1809"]
[WhiteClock "00:06:58"]
[BlackClock "00:06:00"]
[PlyCount "143"]
[WhiteFideId "34660615"]
[BlackFideId "34604065"]
[EventCountry "GER"]
[EventRounds "9"]
[EventType "swiss"]
[EventDate "2025.06.07"]

1. c4 {[%clk 01:30:59]} Nf6 {[%clk 01:30:50]} {[%emt 00:00:10]} 2. g3 {[%clk
01:31:26]} {[%emt 00:00:04]} g6 {[%clk 01:31:14]} {[%emt 00:00:06]} 3. Bg2
{[%clk 01:31:50]} {[%emt 00:00:06]} Bg7 {[%clk 01:31:37]} {[%emt 00:00:07]} 4.
Nc3 {[%clk 01:32:13]} {[%emt 00:00:07]} O-O {[%clk 01:31:52]} {[%emt 00:00:15]}
5. Nf3 {[%clk 01:32:39]} {[%emt 00:00:04]} d6 {[%clk 01:31:55]} {[%emt
00:00:28]} 6. O-O {[%clk 01:33:05]} {[%emt 00:00:05]} c5 {[%clk 01:32:17]}
{[%emt 00:00:07]} 7. d4 {[%clk 01:33:28]} {[%emt 00:00:07]} Nc6 {[%clk
01:32:42]} {[%emt 00:00:05]} 8. dxc5 {[%clk 01:33:54]} {[%emt 00:00:05]} dxc5
{[%clk 01:33:03]} {[%emt 00:00:09]} 9. Be3 {[%clk 01:34:20]} {[%emt 00:00:04]}
Be6 {[%clk 01:26:18]} {[%emt 00:07:15]} 10. Qa4 {[%clk 01:34:45]} {[%emt
00:00:04]} Qb6 {[%clk 01:24:34]} {[%emt 00:02:14]} 11. Qb5 {[%clk 01:35:12]}
{[%emt 00:00:04]} Nd7 {[%clk 01:21:57]} {[%emt 00:03:07]} 12. Ng5 {[%clk
01:29:14]} {[%emt 00:06:27]} Bf5 {[%clk 01:17:03]} {[%emt 00:05:24]} 13. Nd5
{[%clk 01:22:47]} {[%emt 00:06:57]} Qd8 {[%clk 01:09:41]} {[%emt 00:07:52]} 14.
Nf3 {[%clk 00:43:32]} {[%emt 00:39:45]} Nd4 {[%clk 01:07:00]} {[%emt 00:03:11]}
15. Bxd4 {[%clk 00:43:48]} {[%emt 00:00:14]} cxd4 {[%clk 01:07:04]} {[%emt
00:00:26]} 16. Rfd1 {[%clk 00:43:04]} {[%emt 00:01:13]} e5 {[%clk 01:04:57]}
{[%emt 00:02:37]} 17. Nd2 {[%clk 00:42:55]} {[%emt 00:00:38]} Nf6 {[%emt
00:07:38]} 18. e4 {[%clk 00:40:54]} {[%emt 00:02:28]} Bc8 {[%clk 00:45:57]}
{[%emt 00:12:26]} 19. Rac1 {[%clk 00:40:24]} {[%emt 00:01:00]} Rb8 {[%clk
00:39:11]} {[%emt 00:07:17]} 20. Nb3 {[%clk 00:40:02]} {[%emt 00:00:51]} Bd7
{[%clk 00:38:06]} {[%emt 00:01:36]} 21. Qb4 {[%clk 00:40:12]} {[%emt 00:00:19]}
Re8 {[%clk 00:36:29]} {[%emt 00:02:08]} 22. Rc2 {[%clk 00:37:41]} {[%emt
00:03:00]} Bf8 {[%clk 00:34:43]} {[%emt 00:02:16]} 23. Qd2 {[%clk 00:37:33]}
{[%emt 00:00:37]} Nxd5 {[%clk 00:32:21]} {[%emt 00:02:53]} 24. cxd5 {[%clk
00:36:01]} {[%emt 00:02:03]} Qb6 {[%clk 00:30:35]} {[%emt 00:02:14]} 25. Rdc1
{[%clk 00:34:26]} {[%emt 00:02:04]} Rec8 {[%clk 00:28:17]} {[%emt 00:02:50]}
26. Bf1 {[%clk 00:32:59]} {[%emt 00:01:57]} Rxc2 {[%clk 00:25:56]} {[%emt
00:02:51]} 27. Rxc2 {[%clk 00:33:10]} {[%emt 00:00:19]} Rc8 {[%clk 00:25:52]}
{[%emt 00:00:34]} 28. Rxc8 {[%clk 00:31:00]} {[%emt 00:02:39]} Bxc8 {[%clk
00:26:15]} {[%emt 00:00:08]} 29. Qa5 {[%clk 00:28:47]} {[%emt 00:02:42]} Qxa5
{[%clk 00:22:30]} {[%emt 00:04:16]} 30. Nxa5 {[%clk 00:29:10]} {[%emt
00:00:07]} Bb4 {[%clk 00:20:42]} {[%emt 00:02:18]} 31. Nb3 {[%clk 00:29:27]}
{[%emt 00:00:12]} b6 {[%clk 00:19:45]} {[%emt 00:01:27]} 32. Kg2 {[%clk
00:26:28]} {[%emt 00:03:27]} Kf8 {[%clk 00:17:52]} {[%emt 00:02:24]} 33. Nc1
{[%clk 00:26:17]} {[%emt 00:00:41]} Ke7 {[%clk 00:16:12]} {[%emt 00:02:11]} 34.
Nd3 {[%clk 00:26:39]} {[%emt 00:00:08]} Bd6 {[%clk 00:16:34]} {[%emt 00:00:09]}
35. f4 {[%clk 00:26:38]} {[%emt 00:00:30]} f6 {[%clk 00:13:54]} {[%emt
00:03:11]} 36. Kf3 {[%clk 00:26:17]} {[%emt 00:00:50]} h5 {[%clk 00:13:21]}
{[%emt 00:01:04]} 37. h3 {[%clk 00:26:26]} {[%emt 00:00:21]} a5 {[%clk
00:12:06]} {[%emt 00:01:46]} 38. a4 {[%clk 00:26:20]} {[%emt 00:00:37]} Bd7
{[%clk 00:11:50]} {[%emt 00:00:46]} 39. b3 {[%clk 00:26:44]} {[%emt 00:00:05]}
b5 {[%clk 00:10:44]} {[%emt 00:01:37]} 40. axb5 {[%clk 00:23:21]} {[%emt
00:03:52]} Bxb5 {[%clk 00:10:57]} {[%emt 00:00:17]} 41. fxe5 {[%clk 00:21:34]}
{[%emt 00:02:16]} fxe5 {[%clk 00:10:56]} {[%emt 00:00:31]} 42. g4 {[%clk
00:20:41]} {[%emt 00:01:24]} hxg4+ {[%clk 00:10:19]} {[%emt 00:01:07]} 43. hxg4
{[%clk 00:20:26]} {[%emt 00:00:44]} g5 {[%clk 00:10:28]} {[%emt 00:00:22]} 44.
Be2 {[%clk 00:20:34]} {[%emt 00:00:22]} a4 {[%clk 00:06:01]} {[%emt 00:04:57]}
45. bxa4 {[%clk 00:20:14]} {[%emt 00:00:49]} Bxa4 {[%clk 00:06:21]} {[%emt
00:00:10]} 46. Nf2 {[%clk 00:19:30]} {[%emt 00:01:14]} Ba3 {[%clk 00:03:34]}
{[%emt 00:03:17]} 47. Ba6 {[%clk 00:15:25]} {[%emt 00:04:35]} Bc1 {[%clk
00:01:28]} {[%emt 00:02:34]} 48. Ke2 {[%clk 00:15:05]} {[%emt 00:00:53]} Be3
{[%clk 00:01:39]} {[%emt 00:00:19]} 49. Nd1 {[%clk 00:11:10]} {[%emt 00:04:25]}
Bf4 {[%clk 00:01:08]} {[%emt 00:01:00]} 50. Nb2 {[%clk 00:09:22]} {[%emt
00:02:17]} Bd7 {[%clk 00:01:01]} {[%emt 00:00:38]} 51. Kf3 {[%clk 00:07:46]}
{[%emt 00:02:05]} Kd6 {[%clk 00:29:50]} {[%emt 00:01:42]} 52. Nd3 {[%clk
00:37:22]} {[%emt 00:00:53]} Ba4 {[%clk 00:29:10]} {[%emt 00:01:12]} 53. Nf2
{[%clk 00:33:08]} {[%emt 00:04:42]} Be3 {[%clk 00:28:29]} {[%emt 00:01:11]} 54.
Ke2 {[%clk 00:32:20]} {[%emt 00:01:17]} Bxf2 {[%clk 00:26:52]} {[%emt
00:02:09]} 55. Kxf2 {[%clk 00:32:43]} {[%emt 00:00:07]} Bc2 {[%clk 00:26:59]}
{[%emt 00:00:21]} 56. Kf3 {[%clk 00:31:34]} {[%emt 00:01:39]} d3 {[%clk
00:27:01]} {[%emt 00:00:29]} 57. Ke3 {[%clk 00:24:24]} {[%emt 00:07:39]} d2
{[%clk 00:27:05]} {[%emt 00:00:27]} 58. Kxd2 {[%clk 00:24:49]} {[%emt
00:00:05]} Bxe4 {[%clk 00:27:31]} {[%emt 00:00:04]} 59. Ke3 {[%clk 00:23:15]}
{[%emt 00:02:03]} Bxd5 {[%clk 00:27:28]} {[%emt 00:00:33]} 60. Be2 {[%clk
00:09:05]} {[%emt 00:14:40]} Bh1 {[%clk 00:12:31]} {[%emt 00:15:27]} 61. Bc4
{[%clk 00:07:39]} {[%emt 00:01:55]} Kc5 {[%clk 00:11:47]} {[%emt 00:01:16]} 62.
Be2 {[%clk 00:06:56]} {[%emt 00:01:13]} Kd5 {[%clk 00:11:57]} {[%emt 00:00:20]}
63. Ba6 {[%clk 00:07:06]} {[%emt 00:00:20]} Kc5 {[%clk 00:09:50]} {[%emt
00:02:37]} 64. Be2 {[%clk 00:07:11]} {[%emt 00:00:25]} Bg2 {[%clk 00:06:59]}
{[%emt 00:03:21]} 65. Bd3 {[%clk 00:06:53]} {[%emt 00:00:48]} Kb4 {[%clk
00:05:45]} {[%emt 00:01:42]} 66. Be4 {[%clk 00:06:40]} {[%emt 00:00:45]} Bf1
{[%clk 00:05:39]} {[%emt 00:00:37]} 67. Bf3 {[%clk 00:06:13]} {[%emt 00:00:55]}
Bb5 {[%clk 00:04:38]} {[%emt 00:01:32]} 68. Ke4 {[%clk 00:05:27]} {[%emt
00:01:16]} Bc6 {[%clk 00:04:53]} {[%emt 00:00:16]} 69. Kxe5 {[%clk 00:05:50]}
{[%emt 00:00:06]} Bxf3 {[%clk 00:05:18]} {[%emt 00:00:05]} 70. Kf5 {[%clk
00:06:12]} {[%emt 00:00:07]} Kc5 {[%clk 00:05:34]} {[%emt 00:00:15]} 71. Kxg5
{[%clk 00:06:32]} {[%emt 00:00:09]} Bxg4 {[%clk 00:06:00]} {[%emt 00:00:04]}
72. Kxg4 {[%clk 00:06:58]} {[%emt 00:00:05]} 1/2-1/2

[Event "DEM U14 2025"]
[Site "Willingen GER"]
[Date "2025.06.11"]
[Round "6"]
[White "Kovalskyy, Alicia"]
[Black "Jahn, Gustav"]
[Result "1-0"]
[Termination "normal"]
[Board "17"]
[WhiteElo "1924"]
[BlackElo "1983"]
[WhiteClock "00:06:10"]
[BlackClock "00:41:58"]
[PlyCount "75"]
[WhiteFideId "34612130"]
[BlackFideId "34666605"]
[EventCountry "GER"]
[EventRounds "9"]
[EventType "swiss"]
[EventDate "2025.06.07"]

1. e4 {[%clk 01:30:58]} {[%emt 00:00:02]} e6 {[%clk 01:30:57]} {[%emt
00:00:04]} 2. d4 {[%clk 01:31:19]} {[%emt 00:00:08]} d5 {[%clk 01:31:23]}
{[%emt 00:00:04]} 3. Nc3 {[%clk 01:31:44]} {[%emt 00:00:05]} Nf6 {[%clk
01:31:50]} {[%emt 00:00:04]} 4. e5 {[%clk 01:32:07]} {[%emt 00:00:08]} Nfd7
{[%clk 01:32:15]} {[%emt 00:00:04]} 5. f4 {[%clk 01:32:21]} {[%emt 00:00:15]}
c5 {[%clk 01:32:41]} {[%emt 00:00:05]} 6. Nf3 {[%clk 01:32:41]} {[%emt
00:00:10]} Nc6 {[%clk 01:33:06]} {[%emt 00:00:05]} 7. Be3 {[%clk 01:33:05]}
{[%emt 00:00:04]} a6 {[%clk 01:33:31]} {[%emt 00:00:06]} 8. a3 {[%clk
01:33:05]} {[%emt 00:00:30]} Be7 {[%clk 01:33:03]} {[%emt 00:00:58]} 9. Qd2
{[%clk 01:31:10]} {[%emt 00:02:24]} O-O {[%clk 01:32:06]} {[%emt 00:01:28]} 10.
Bd3 {[%clk 01:29:58]} {[%emt 00:01:40]} f6 {[%clk 01:30:14]} {[%emt 00:02:24]}
11. exf6 {[%clk 01:19:12]} {[%emt 00:11:17]} Nxf6 {[%clk 01:30:17]} {[%emt
00:00:26]} 12. dxc5 {[%clk 01:01:42]} {[%emt 00:18:00]} Qa5 {[%clk 01:26:55]}
{[%emt 00:03:52]} 13. Ne2 {[%clk 00:58:45]} {[%emt 00:03:27]} Qc7 {[%clk
01:19:08]} {[%emt 00:08:18]} 14. h3 {[%clk 00:54:54]} {[%emt 00:04:20]} Bd7
{[%clk 01:15:22]} {[%emt 00:04:16]} 15. O-O {[%clk 00:53:09]} {[%emt 00:02:13]}
Na5 {[%clk 01:10:50]} {[%emt 00:05:04]} 16. b4 {[%clk 00:45:41]} {[%emt
00:07:58]} Nc4 {[%clk 01:08:26]} {[%emt 00:02:54]} 17. Bxc4 {[%clk 00:44:23]}
{[%emt 00:01:47]} dxc4 {[%clk 01:08:48]} {[%emt 00:00:09]} 18. Ne5 {[%clk
00:39:46]} {[%emt 00:05:06]} Bb5 {[%clk 01:06:48]} {[%emt 00:02:31]} 19. Nd4
{[%clk 00:32:23]} {[%emt 00:07:52]} Ne4 {[%clk 00:53:31]} {[%emt 00:13:47]} 20.
Qe1 {[%clk 00:31:36]} {[%emt 00:01:12]} Qc8 {[%clk 00:49:11]} {[%emt 00:04:56]}
21. a4 {[%clk 00:30:43]} {[%emt 00:01:24]} Be8 {[%clk 00:48:23]} {[%emt
00:01:18]} 22. Nxc4 {[%clk 00:29:32]} {[%emt 00:01:40]} Bd8 {[%clk 00:47:45]}
{[%emt 00:01:08]} 23. Bc1 {[%clk 00:19:29]} {[%emt 00:10:33]} Bg6 {[%clk
00:46:39]} {[%emt 00:01:35]} 24. Ne5 {[%clk 00:19:34]} {[%emt 00:00:26]} Bf6
{[%clk 00:46:09]} {[%emt 00:01:01]} 25. Bb2 {[%clk 00:19:13]} {[%emt 00:00:51]}
Bxe5 {[%clk 00:45:59]} {[%emt 00:00:39]} 26. fxe5 {[%clk 00:19:34]} {[%emt
00:00:08]} Rxf1+ {[%clk 00:46:04]} {[%emt 00:00:26]} 27. Qxf1 {[%clk 00:19:23]}
{[%emt 00:00:41]} a5 {[%clk 00:46:28]} {[%emt 00:00:06]} 28. c3 {[%clk
00:17:42]} {[%emt 00:02:10]} Qd7 {[%clk 00:45:46]} {[%emt 00:01:12]} 29. Qc4
{[%clk 00:14:52]} {[%emt 00:03:15]} axb4 {[%emt 00:00:45]} 30. cxb4 {[%clk
00:11:12]} {[%emt 00:04:04]} Rxa4 {[%clk 00:43:49]} {[%emt 00:02:24]} 31. Rxa4
{[%clk 00:11:10]} {[%emt 00:00:32]} Qxa4 {[%clk 00:44:13]} {[%emt 00:00:05]}
32. Qxe6+ {[%clk 00:11:25]} {[%emt 00:00:15]} Bf7 {[%clk 00:44:14]} {[%emt
00:00:29]} 33. Qc8+ {[%clk 00:10:58]} {[%emt 00:00:57]} Be8 {[%clk 00:44:23]}
{[%emt 00:00:20]} 34. c6 {[%clk 00:10:34]} {[%emt 00:00:55]} Qd1+ {[%clk
00:44:20]} {[%emt 00:00:33]} 35. Kh2 {[%clk 00:10:49]} {[%emt 00:00:14]} Qh5
{[%emt 00:05:40]} 36. Qe6+ {[%clk 00:06:03]} Kf8 {[%clk 00:42:41]} {[%emt
00:02:15]} 37. cxb7 {[%clk 00:05:57]} {[%emt 00:00:37]} Qg5 {[%clk 00:41:58]}
{[%emt 00:01:12]} 38. Qf5+ {[%clk 00:06:10]} {[%emt 00:00:17]} 1-0